| 000 | 00473nam a2200169 4500 | ||
|---|---|---|---|
| 003 | SEACOMEC | ||
| 005 | 20241227125835.0 | ||
| 008 | 241227b |||||||| |||| 00| 0 eng d | ||
| 020 |
_a978-8121907989 _c518.00 |
||
| 040 | _aSEACOMEC | ||
| 082 |
_a001 _bM697 |
||
| 100 | _aMohan.K | ||
| 245 |
_aGeneral knowledge digest and general studies/ _c K. Mohan, & Mani Ram Aggarwal |
||
| 250 | _a70th ed | ||
| 260 |
_aNew Delhi : _bS. Chand and Company Ltd. _c2007 |
||
| 942 | _cBOOK | ||
| 999 |
_c1916 _d1916 |
||